000 00620nam a22001577a 4500
999 _c16067
_d16067
008 210408b ||||| |||| 00| 0 eng d
022 _a0732-8435
082 _aDPer 657.05 C33 Sept-Dec 2011 v. 81 n. 9-12
100 _aCheffers, Mark.
_943062
245 _aUnderstanding accounting ethics…and the near collapse of the world's financial system/
_cMark Cheffers and Michael Pakaluk.
260 _aNew York:
_bThe New York State Society of CPA,
_c©2011.
300 _av81 n11, pages 12-13:
_bcolor illustrations;
_c28 cm.
650 _aAccounting.
_943063
700 _aPakaluk, M.
_eAuthor.
_943064
942 _2ddc
_cPER